01213nam a2200193Ia 4500001001100000003001000011008004100021040002500062041001300087100003000100245009100130250001100221260009100232300002700323500026200350501011400612520026200726650003100988L239-10988IT-CnALBA170116s9999||||xx |||||||||||||| ||und|| aIT-CnALBAcIT-CnALBA aITALIANO aBALLERINI GIUSEPPE, DOTT. 0aBREVE APOLOGIA PEI GIOVANI STUDENTI CONTRO GLI INCREDULI DEI NOSTRI GIORNI. VOL. III.  a1a ed. a FIRENZEbFIORENTINA LIBRERIA EDITRICE c1914 [1° Ed.:1914 - Ed.Ling.Originale: 1914] a420 p. (prefazione: 3) aCRISTIANESIMO COME FATTO STORICO. CONCEZIONE DEGLI INCREDULI. CRISO DELLA STORIA E CRISTO DELLA FEDE. ANTICO TESTAMENTO. LIBRO UMANO. LIBRO ISPIRATO. MIRACOLI. PROFETISMO. MESSIANISMO. RIBELLIONE DELL'EBRAISMO. GESÙ DIO E UOMO. CONCEZIONE DEGLI EVANGELIST aSocietà San Paolo EM - Piazza San Paolo, 14 - 12051 ALBA (CN) (non commercial uses only) ® Copyright 2017 aCRISTIANESIMO COME FATTO STORICO. CONCEZIONE DEGLI INCREDULI. CRISO DELLA STORIA E CRISTO DELLA FEDE. ANTICO TESTAMENTO. LIBRO UMANO. LIBRO ISPIRATO. MIRACOLI. PROFETISMO. MESSIANISMO. RIBELLIONE DELL'EBRAISMO. GESÙ DIO E UOMO. CONCEZIONE DEGLI EVANGELIST aAPOLOGETICA E CONTROVERSIE